000 00669cam a2200217 a 4500
001 2315405
005 20250703165602.0
008 811022s1982 pau b 001 0 eng
020 _a0800616294 (pbk.) :
_c$6.95
020 _a9780800616298
041 1 _aeng
_hger
050 0 0 _aBS2361.2
_b.K32 1982
082 0 0 _a225.6
_219
100 1 _aKäsemann, Ernst.
245 1 0 _aEssays on New Testament themes /
_cErnest Käsemann.
250 _a1st Fortress Press ed.
260 _aPhiladelphia, Pa. :
_bFortress Press,
_c1982.
300 _a200 p. ;
_c22 cm.
500 _aTranslation of selections from: Exegetische Versuche und Besinnungen, 2. Bd.
942 _2lcc
_cBK
_n0
999 _c6842
_d6842